000 00681nam a2200289Ia 4500
005 20260324113435.0
008 008 260324s9999 xx 000 0 eng d
020 _a9781003460046
037 _aEBOOK
040 _aCRL
040 _beng
040 _cCRL
041 _2eng
041 _aeng
084 _qCRL
100 _aEnrique Leff
245 0 _aHeidegger in the Face of the Environmental Question
245 4 _bThe Immanence of Life
260 _bTaylor and Francis
260 _c2023
365 _a
365 _b255
856 _uhttp://www.taylorfrancis.com/books/9781003460046
942 _cEBOOK
999 _c1736431
_d1736431